000 01141nam a2200301 i 4500
001 000049219
003 DO-SdBNP
005 20260321073644.0
007 ta
008 190726s1989 dr 000 j spa d
040 _aDO-SdBNP
_bspa
_cBNPHU
_erda
082 4 _a364.1323
_bB742f, 1989
_222
100 1 _a Bosch, Juan,
_d1909-2001
_eautor
_976555
245 1 3 _aLa fortuna de Trujillo /
_cJuan Bosch.
250 _a3a. ed.
264 _aSanto Domingo :
_bAlfa y Omega,
_c1989.
300 _a117 páginas ;
_c23 cm.
336 _2rdacontent
_atexto
_btxt
337 _2rdamedia
_asin mediación
_bn
338 _2rdacarrier
_avolumen
_bnc
505 0 _aDel libro Trujillo, causas de una tiranía sin ejemplo -- La fortuna de Trujillo -- Los negocios de Trujillo
590 _aInventariado, 2019/VM
600 1 4 _aTrujillo Molina, Rafael Leónidas,
_d1891-1961
_xFinanzas personales
_954397
650 4 _aCorrupción política
_zRepública Dominicana
_xHistoria
_yEra de Trujillo, 1930-1961
_965286
651 4 _aRepública Dominicana
_xPolítica y gobierno
_y1930 - 1961
_9479
910 _aValidado. Control de calidad MFF
942 _2ddc
_cLBS1
999 _c48707
_d48707